00281pam a2200109a 44500008004100000020002700041082001600068100002400084245002100108260003200129300001000161230405s2007 xxu||||| |||| 00| 0 eng d a818061963xcRs. 163.12 a610.73bBAS aBasavanthappa, B.T. aNursing Theories aNew DelhibJaypee Pubc2007 a406 p